| 000 | 00680nam a2200217Ia 4500 | ||
|---|---|---|---|
| 005 | 20260429112317.0 | ||
| 008 | 260429s9999||||xx |||||||||||||| ||und|| | ||
| 020 | _a9789349557406 | ||
| 041 | _aEnglish | ||
| 082 |
_a954 _bJAC |
||
| 100 | _aJackson, A. V. Williams | ||
| 245 | 0 |
_aHistory of India : _bfrom the close of the seventeenth century to the present time, Vol. 8 / _cA. V. Williams Jackson |
|
| 250 | _a1st ed. | ||
| 260 |
_aNew Delhi : _bB.R. Publishing Corporation, _c2024. |
||
| 300 | _axx, 510 p.; hb | ||
| 440 | _vVol. 8 | ||
| 650 | _a Colonial to contemporary | ||
| 650 | _aIndia-History-Modern period | ||
| 700 | _a Lyall, Alfred Comyn Sir | ||
| 942 | _cTB | ||
| 999 |
_c53425 _d53425 |
||